LIBRARY & INFORMATION CENTRE, KCAET, TAVANUR

ONLINE PUBLIC ACCESS CATALOGUE (OPAC)

Essentials of Nanotechnology (Record no. 14599)

MARC details
000 -LEADER
fixed length control field 00277nam a22001217a 4500
020 ## - INTERNATIONAL STANDARD BOOK NUMBER
ISBN 9789381714508
082 ## - DEWEY DECIMAL CLASSIFICATION NUMBER
Classification number 620.5
Item number RIS/ES
100 ## - MAIN ENTRY--AUTHOR NAME
Personal name Rishabh, Anand
245 ## - TITLE STATEMENT
Title Essentials of Nanotechnology
260 ## - PUBLICATION, DISTRIBUTION, ETC. (IMPRINT)
Place of publication New Delhi
Name of publisher Medtech
Year of publication 2015
300 ## - PHYSICAL DESCRIPTION
Number of Pages 237
942 ## - ADDED ENTRY ELEMENTS (KOHA)
Koha item type Books
Holdings
Withdrawn status Lost status Damaged status Collection code Home library Current library Shelving location Date acquired Source of acquisition Cost, normal purchase price Full call number Accession Number Koha item type
        KAUAET KAUAET General Stacks 19/07/2016 Dream Tech, Trivandrum 495.00 620.5 RIS/ES 24777 Books
free website counter